Ngữ pháp tiếng việt thực hành : = A Practical grammar of Vietnamese /

Ngữ pháp tiếng việt thực hành

সংরক্ষণ করুন:
গ্রন্থ-পঞ্জীর বিবরন
প্রধান লেখক: Nguyễn Chí Ho
অন্যান্য লেখক: bien tap: Nguyen Hong Nga
বিন্যাস: গ্রন্থ
ভাষা:Vietnamese
প্রকাশিত: H. : Đại học quốc gia Hà Nội, 2006.
সংস্করন:In lần 2
বিষয়গুলি:
ট্যাগগুলো: ট্যাগ যুক্ত করুন
কোনো ট্যাগ নেই, প্রথমজন হিসাবে ট্যাগ করুন!
Thư viện lưu trữ: Mạng thư viện Đại học Đà Nẵng
LEADER 01590cam a22003731a 4500
001 000033158
003 9297
005 20240829143303.0
008 151016s2006 vm 000 vie
020 |c 49700đ 
040 |a LNN 
041 0 |a vie 
082 |a 495.9225  |b NG-H 
100 0 |a Nguyễn Chí Hoà 
245 0 |a Ngữ pháp tiếng việt thực hành :  |b = A Practical grammar of Vietnamese /  |c Nguyễn Chí Hoà. 
250 |a In lần 2 
260 |a H. :  |b Đại học quốc gia Hà Nội,  |c 2006. 
300 |a 419tr. ;  |c 24 cm. 
500 |a ĐTTS ghi: Đại học Quốc gia Hà Nội. Trường ĐH KHXH & NV 
504 |a thư mục 411-416 
520 |a Ngữ pháp tiếng việt thực hành  |x Những kiến thức cơ bản và hệ thống của ngữ pháp tiếng Việt dưới góc độ thực hành tiếng như cấu trúc của từ, từ loại, cùm từ, thành phần câu và các loại câu đơn giản, phức, ghép 
650 |a Ngon ngư tieng viet 
653 |a Ngữ pháp tiếng việt thực hành,Nguyễn Chí Hoà.,2006 
700 |a bien tap:  |b Nguyen Hong Nga 
OWN |a LNN 
902 |a Tham khao TV 
AVA |a UDN50  |b LNN  |d 495.92415 NG-H  |e available  |t Error 5001 Not defined in file expand_doc_bib_avail.  |f 5  |g 0  |h N  |i 0 
999 |a From the UDN01 
AVA |a UDN50  |b LNN  |d 495.92415 NG-H  |e available  |t Error 5001 Not defined in file expand_doc_bib_avail.  |f 5  |g 0  |h N  |i 0 
TYP |a Monograph 
TYP |a Printed language 
980 |a Mạng thư viện Đại học Đà Nẵng